000 00600nam a2200229Ia 4500
003 OSt
005 20220924143007.0
006 a|||||r|||| 00| 0
007 ta
008 220923b |||||||| |||| 00| 0 ori d
024 _a304298
037 _cTextual
040 _aARTS
_cARTS
_bORI
041 _2ORI
_aORI
082 _aO1591,3NPA:g, L6
100 _aMuhan Andharara
_9214536
245 0 _aNimai patnaikanka katha o kahani
260 _c1976
650 _aORIYA LITERATURE
_927692
942 _hO1591,3NPA:g, L6
_cTEXL
_2CC
999 _c452819
_d452819